MARC details
| 000 -CABECERA |
| campo de control de longitud fija |
00866nam a2200253 i 4500 |
| 003 - IDENTIFICADOR DEL NÚMERO DE CONTROL |
| campo de control |
DO-SdBNP |
| 005 - FECHA Y HORA DE LA ÚLTIMA TRANSACCIÓN |
| campo de control |
20250613101224.0 |
| 007 - CAMPO FIJO DE DESCRIPCIÓN FÍSICA--INFORMACIÓN GENERAL |
| campo de control de longitud fija |
ta |
| 008 - DATOS DE LONGITUD FIJA--INFORMACIÓN GENERAL |
| campo de control de longitud fija |
250613s1984 dr 000 0 spa d |
| 040 ## - FUENTE DE LA CATALOGACIÓN |
| Centro catalogador/agencia de origen |
DO-SdBNP |
| Lengua de catalogación |
spa |
| Centro/agencia transcriptor |
BNPHU |
| Normas de descripción |
rda |
| 082 ## - NÚMERO DE LA CLASIFICACIÓN DECIMAL DEWEY |
| Número de clasificación |
xxx |
| Número de documento/Ítem |
T315 |
| Número de edición |
22 |
| 245 10 - MENCIÓN DE TÍTULO |
| Título |
III Mesa redonda Latinoamericana sobre palma aceitera / |
| 246 1# - FORMA VARIANTE DE TÍTULO |
| Título propio/Titulo breve |
Tercera Mesa redonda Latinoamericana sobre palma aceitera / |
| 264 #1 - PRODUCCIÓN, PUBLICACIÓN, DISTRIBUCIÓN, FABRICACIÓN Y COPYRIGHT |
| Producción, publicación, distribución, fabricación y copyright |
Brasil : |
| Nombre del de productor, editor, distribuidor, fabricante |
Ministerio de Agricultura de Brasil, |
| -- |
Oficina Regional de la FAO para américa Latina y El Caribe, |
| Fecha de producción, publicación, distribución, fabricación o copyright |
1984. |
| 300 ## - DESCRIPCIÓN FÍSICA |
| Extensión |
volumen : |
| Dimensiones |
28 cm. |
| 336 ## - TIPO DE CONTENIDO |
| Término de tipo de contenido |
texto |
| Código de tipo de contenido |
txt |
| Fuente |
rdacontent |
| 337 ## - TIPO DE MEDIO |
| Nombre/término del tipo de medio |
sin mediación |
| Código del tipo de medio |
n |
| Fuente |
rdamedia |
| 338 ## - TIPO DE SOPORTE |
| Nombre/término del tipo de soporte |
volumen |
| Código del tipo de soporte |
nc |
| Fuente |
rdacarrier |
| 500 ## - NOTA GENERAL |
| Nota general |
La biblioteca posee el volumen 1. |
| 504 ## - NOTA DE BIBLIOGRAFÍA, ETC. |
| Nota de bibliografía, etc. |
Bibliografía p: 391-393. |
| 590 ## - NOTA LOCAL (RLIN) |
| Nota local |
Inventariado, 2025/ YL |
| 910 ## - DATOS DE OPCIÓN DEL USUARIO (OCLC) |
| Datos de opción del usuario |
YLockward |
| 942 ## - ELEMENTOS DE PUNTO DE ACCESO ADICIONAL (KOHA) |
| Fuente del sistema de clasificación o colocación |
Dewey Decimal Classification |
| Tipo de ítem Koha |
Libro |